000 00316nam a22001337a 4500
008 170905b xxu||||| |||| 00| 0 eng d
020 _a9781118101339
041 _aeng
080 _a070
100 _a40
101 _aMED
245 _aTHE CLASIC GUIDE TO CREATING GRET ADS
_cSULLIVAN.L
942 _2udc
_cBK
999 _c26139
_d26139